| 000 | 00945nam a2200277Ia 4500 | ||
|---|---|---|---|
| 003 | OSt | ||
| 005 | 20221005050939.0 | ||
| 006 | a|||||r|||| 00| 0 | ||
| 007 | ta | ||
| 008 | 221004b |||||||| |||| 00| 0 eng d | ||
| 020 |
_a9789004158405 (pbk) _c2926 |
||
| 024 | _a120754 | ||
| 037 |
_b6515, 19/03/2012, Efficient Book Distributors _cTextual |
||
| 040 |
_aCRL _cCRL _beng |
||
| 041 |
_2eng _aeng |
||
| 082 | _aX:77.6, P8 | ||
| 100 |
_aRutten Marcel Ed. _9595444 |
||
| 245 | 0 |
_aInside poverty and devleopment in Africa _b Critical reflections on pro-poor policies |
|
| 260 |
_aLeiden _bBrill The Netherlands _c2008 |
||
| 300 |
_ax, 306p. _ccm. |
||
| 650 | _aECONOMICS | ||
| 700 |
_a Foeken Dick Ed. _927205 |
||
| 700 |
_a Leliveld Andre Ed. _9595445 |
||
| 942 |
_hX:77.6, P8 _cTEXL _2cc |
||
| 999 |
_c957993 _d957993 |
||